Traité d'analyse des huiles minerales des matières grasses des goudrons et bitumes et des produits dérivés comprenant une étude speciale des huiles de graissage / (Record no. 80689)

MARC details
000 -LEADER
campo de control de longitud fija 00807nam a2200181 i 4500
001 - NÚMERO DE CONTROL
campo de control 80689
003 - IDENTIFICADOR DE NÚMERO DE CONTROL
campo de control ES-MaACL
005 - FECHA Y HORA DE LA ÚLTIMA TRANSACCIÓN
campo de control 20250928121400.0
007 - CAMPO FIJO DE DESCRIPCIÓN FÍSICA--INFORMACIÓN GENERAL
campo de control de longitud fija t|
008 - DATOS DE LONGITUD FIJA--INFORMACIÓN GENERAL
campo de control de longitud fija 041029s1999 sp ||||1| spa d
100 1# - ENTRADA PRINCIPAL--NOMBRE DE PERSONA
Nombre de persona Holde, D.
9 (RLIN) 63997
245 10 - MENCIÓN DEL TÍTULO
Título Traité d'analyse des huiles minerales des matières grasses des goudrons et bitumes et des produits dérivés comprenant une étude speciale des huiles de graissage /
Mención de responsabilidad, etc. par D. Holde ; édition française publiée d'aprés la deuxieme édition allemande augmentée et mise au courant des travaux les plusrécents par L. Gautier.
260 ## - PUBLICACIÓN, DISTRIBUCIÓN, ETC.
Lugar de publicación, distribución, etc. Paris :
Nombre del editor, distribuidor, etc. [s.n.],
Fecha de publicación, distribución, etc. 1909 (
Lugar de fabricación/manufactura Saint-Amand :
Fabricante Imp. Bussiere)
300 ## - DESCRIPCIÓN FÍSICA
Extensión 527 p. ;
Dimensiones 25 cm.
700 1# - ENTRADA AGREGADA--NOMBRE PERSONAL
Nombre de persona Gautier, Léopold-Alexandre,
Fechas asociadas al nombre 1838-19..
9 (RLIN) 56052
852 ## - LOCALIZACIÓN
Ubicación ES-MaACL
Número de control de estantería G-14048
Holdings
Estatus retirado Estado de pérdida Estado de daño No para préstamo Biblioteca de origen Biblioteca actual Ubicación en estantería Fecha de adquisición Fuente de adquisición Total de préstamos Signatura topográfica completa Código de barras Visto por última vez Precio de reemplazo Tipo de ítem Koha
        Biblioteca del Ateneo de Madrid Biblioteca del Ateneo de Madrid Sala Pecera Planta 3 17/01/2008     G-14048 1084359 23/02/2023 23/02/2023 Libro impreso